[Event "EGY-ch final"]
[Site "Cairo"]
[Date "2007.12.03"]
[Round "3"]
[White "Elsayed, Moustafa"]
[Black "Abdel Aziem, Ramadan"]
[Result "1-0"]
[WhiteElo "2221"]
[BlackElo "2296"]
[PlyCount "101"]
[EventDate "2007.12.01"]
[EventType "swiss"]
[EventRounds "9"]
[EventCountry "EGY"]
[SourceTitle "EXT 2019"]
[Source "ChessBase"]
[SourceDate "2018.10.10"]
[SourceVersion "1"]
[SourceVersionDate "2018.10.10"]
[SourceQuality "1"]

1. c4 Nf6 2. Nc3 e5 3. g3 d5 4. cxd5 Nxd5 5. Bg2 Nb6 6. Nf3 Nc6 7. 0-0 Be7 8. d3 0-0 9. a3 Be6 10. Be3 f5 11. b4 Bf6 12. Rc1 Nd4 13. Bxd4 exd4 14. Na4 Bf7 15. Nc5 Rb8 16. Qd2 Re8 17. Rfe1 Nd5 18. Nb3 Ne7 19. Qb2 f4 20. gxf4 Nd5 21. Qd2 Ne7 22. Nc5 g6 23. e4 dxe3 24. fxe3 h6 25. Ne5 Bd5 26. e4 Bxe5 27. fxe5 Bc6 28. Ne6 Qc8 29. Bh3 Bd7 30. Qa2 Kh8 31. d4 Ng8 32. d5 c6 33. Rf1 Bxe6 34. Bxe6 Qc7 35. Qb2 Rf8 36. d6 Qb6+ 37. Rc5 Rxf1+ 38. Kxf1 Rf8+ 39. Kg2 Qd8 40. Qd2 Qh4 41. Qe3 Re8 42. Bh3 g5 43. Bf5 g4 44. e6 h5 45. d7 Rf8 46. Bg6 Qf6 47. Rxh5+ Kg7 48. Bf5 Qb2+ 49. Kg3 Qe5+ 50. Kh4 Qxh2+ 51. Kg5 1-0

[Event "Golden Cleopatra op 7th"]
[Site "Cairo"]
[Date "2003.06.11"]
[Round "10"]
[White "Jonkman, Harmen"]
[Black "Abdel Aziem, Ramadan"]
[Result "1/2-1/2"]
[WhiteElo "2431"]
[BlackElo "2269"]
[PlyCount "150"]
[EventDate "2003.06.03"]
[EventType "swiss"]
[EventRounds "10"]
[EventCountry "EGY"]
[SourceTitle "CBM 094 Extra"]
[Source "ChessBase"]
[SourceDate "2003.07.09"]
[SourceVersion "2"]
[SourceVersionDate "2003.07.09"]
[SourceQuality "1"]

1. e4 e5 2. Nf3 Nc6 3. Nc3 Nf6 4. Bb5 Bb4 5. 0-0 0-0 6. d3 d6 7. Ne2 Bg4 8. c3 Ba5 9. Ng3 h6 10. h3 Bd7 11. Bc4 Qc8 12. Be3 Ne7 13. Bb3 Ng6 14. Qd2 Kh7 15. d4 c5 16. dxc5 dxc5 17. Rad1 c4 18. Bc2 Rd8 19. Qc1 Be6 20. Nf5 Ng8 21. h4 f6 22. g4 Qc6 23. h5 N6e7 24. N3h4 Bb6 25. Ng2 Nxf5 26. exf5 Bd5 27. Nh4 Bf3 28. Rxd8 Rxd8 29. Nxf3 Qxf3 30. Bd1 Qe4 31. Qc2 Rd3 32. Bxb6 axb6 33. Qc1 Ne7 34. f3 Qd5 35. Be2 Qc5+ 36. Kh1 Rd6 37. Rd1 Rxd1+ 38. Qxd1 Nd5 39. Qg1 Ne3 40. a4 Kg8 41. Qb1 Qd5 42. Kg1 Kf7 43. Qc1 Qc5 44. Kh1 Ke7 45. Qb1 Qd5 46. Kg1 Qd2 47. Kf2 Nd5 48. Qe4 Kd6 49. Qxc4 Nf4 50. b3 Nh3+ 51. Kg3 Nf4 52. Kf2 Nh3+ 53. Kf1 Qc1+ 54. Kg2 Nf4+ 55. Kf2 Qd2 56. Qb5 Nd5 57. c4 Qe3+ 58. Kf1 Nc3 59. c5+ Qxc5 60. Qe8 Nxe2 61. Qd8+ Kc6 62. Qc8+ Kd5 63. Qxb7+ Kd4 64. Kxe2 Qc2+ 65. Kf1 Ke3 66. Qe4+ Qxe4 67. fxe4 Kxe4 68. Ke2 Kd4 69. Kd2 Kd5 70. Kc3 Kc5 71. b4+ Kd5 72. Kd3 Kd6 73. Kc4 Kc6 74. Kc3 Kd5 75. Kd3 Kd6 1/2-1/2

[Event "Golden Cleopatra op 7th"]
[Site "Cairo"]
[Date "2003.06.10"]
[Round "9"]
[White "Abdel Aziem, Ramadan"]
[Black "Hakki, Imad"]
[Result "1/2-1/2"]
[WhiteElo "2269"]
[BlackElo "2450"]
[PlyCount "99"]
[EventDate "2003.06.03"]
[EventType "swiss"]
[EventRounds "10"]
[EventCountry "EGY"]
[SourceTitle "CBM 094 Extra"]
[Source "ChessBase"]
[SourceDate "2003.07.09"]
[SourceVersion "2"]
[SourceVersionDate "2003.07.09"]
[SourceQuality "1"]

1. e4 c5 2. Nf3 d6 3. d4 cxd4 4. Nxd4 Nf6 5. Nc3 g6 6. Be3 Bg7 7. f3 0-0 8. Qd2 Nc6 9. Bc4 Bd7 10. Bb3 Rc8 11. h4 h5 12. 0-0-0 Ne5 13. Kb1 Nc4 14. Bxc4 Rxc4 15. Nde2 b5 16. Bh6 Qa5 17. Bxg7 Kxg7 18. Nd5 Qxd2 19. Rxd2 Nxd5 20. Rxd5 Rfc8 21. c3 f5 22. b3 R4c5 23. Rxc5 Rxc5 24. exf5 Bxf5+ 25. Kb2 a5 26. Rd1 Kf7 27. Rd2 Bd7 28. Rd4 Re5 29. Nf4 g5 30. hxg5 Rxg5 31. Rd2 h4 32. Kc2 e5 33. Nd5 Bc6 34. c4 bxc4 35. bxc4 Rg3 36. Rf2 Ke6 37. Nc3 h3 38. gxh3 Bxf3 39. Rh2 Bh5 40. h4 e4 41. Ne2 Rg4 42. Kb3 Ke5 43. Ka4 e3 44. Kxa5 Rxc4 45. Ng3 Ke6 46. Nxh5 Rc5+ 47. Kb4 Rxh5 48. Re2 Rxh4+ 49. Kc3 Rh3 50. Kd4 1/2-1/2

[Event "Golden Cleopatra op 7th"]
[Site "Cairo"]
[Date "2003.06.07"]
[Round "6"]
[White "Abdel Aziem, Ramadan"]
[Black "Zozulia, Anna"]
[Result "1/2-1/2"]
[WhiteElo "2269"]
[BlackElo "2336"]
[PlyCount "119"]
[EventDate "2003.06.03"]
[EventType "swiss"]
[EventRounds "10"]
[EventCountry "EGY"]
[SourceTitle "CBM 094 Extra"]
[Source "ChessBase"]
[SourceDate "2003.07.09"]
[SourceVersion "2"]
[SourceVersionDate "2003.07.09"]
[SourceQuality "1"]

1. e4 c5 2. Nf3 Nc6 3. d4 cxd4 4. Nxd4 e5 5. Nb5 d6 6. c4 Be7 7. N1c3 a6 8. Na3 f5 9. Bd3 f4 10. g3 fxg3 11. hxg3 Nf6 12. Nc2 0-0 13. Nd5 Be6 14. Be3 Rc8 15. Bb6 Qd7 16. Qe2 Bd8 17. Bxd8 Qxd8 18. 0-0-0 b5 19. Kb1 Qa5 20. cxb5 axb5 21. Bxb5 Nxd5 22. exd5 Nb4 23. Nxb4 Bf5+ 24. Ka1 Qxb4 25. Rh4 Qc5 26. Bc6 Bg6 27. f3 Rf7 28. Rc4 Qa5 29. Ra4 Qc5 30. Ra3 Rcf8 31. Rc3 Qa5 32. a3 Bh5 33. g4 Bg6 34. Rdc1 h5 35. gxh5 Bxh5 36. Rf1 Qa7 37. Ka2 Rf4 38. Rb3 e4 39. Rb7 Qd4 40. Rb4 Qe5 41. Qh2 Bxf3 42. Qh3 Bg4 43. Qh4 Rxf1 44. Qxg4 R1f4 45. Qe6+ Kh7 46. Qxe5 dxe5 47. d6 e3 48. Rb3 R4f6 49. Rxe3 Rxd6 50. Be4+ g6 51. b4 Rf4 52. b5 Rd4 53. Bc6 e4 54. b6 Rd2+ 55. Kb3 Rf3 56. Rxf3 exf3 57. a4 Rd6 58. Bxf3 Rxb6+ 59. Kc4 Kh6 60. a5 1/2-1/2

[Event "Golden Cleopatra op 6th"]
[Site "Cairo"]
[Date "2002.04.09"]
[Round "3"]
[White "Abdel Razik, Khaled"]
[Black "Abdel Aziem, Ramadan"]
[Result "1-0"]
[WhiteElo "2373"]
[BlackElo "2293"]
[PlyCount "100"]
[EventDate "2002.04.07"]
[EventType "swiss"]
[EventRounds "11"]
[EventCountry "EGY"]
[SourceTitle "CBM 087 Extra"]
[Source "ChessBase"]
[SourceDate "2002.05.03"]
[SourceVersion "2"]
[SourceVersionDate "2002.08.09"]
[SourceQuality "1"]

1. d4 Nf6 2. c4 g6 3. Nc3 Bg7 4. Nf3 0-0 5. g3 d6 6. Bg2 Nc6 7. 0-0 e5 8. d5 Na5 9. Nd2 c5 10. dxc6 Nxc6 11. Nde4 Nxe4 12. Nxe4 Nd4 13. e3 Nf5 14. b3 Qa5 15. Qd2 Qxd2 16. Bxd2 Rd8 17. Ba5 b6 18. Bb4 Rb8 19. Rfd1 Bf8 20. a4 Bb7 21. Nc3 Bxg2 22. Kxg2 f6 23. g4 Nh6 24. g5 fxg5 25. Ne4 Nf7 26. Rd5 Rbc8 27. Rad1 Rc6 28. Kf3 Be7 29. Ke2 Kg7 30. Nc3 g4 31. a5 bxa5 32. Rxa5 Rb6 33. Ra4 Rb7 34. Rda1 Rdd7 35. Nb5 Kf6 36. Rxa7 Ke6 37. R7a6 Kf5 38. Rd1 h5 39. Rd5 h4 40. Ba3 Ng5 41. Bxd6 Bxd6 42. Raxd6 Rxb5 43. cxb5 Rb7 44. Rc6 Ne4 45. b6 h3 46. Rd8 g3 47. fxg3 Kg4 48. Re8 Kf5 49. g4+ Kxg4 50. Rc4 Kf5 1-0

[Event "Golden Cleopatra op 5th"]
[Site "Cairo"]
[Date "2001.05.09"]
[Round "8"]
[White "Sarwat, Walaa"]
[Black "Abdel Aziem, Ramadan"]
[Result "1-0"]
[WhiteElo "2356"]
[BlackElo "2269"]
[PlyCount "162"]
[EventDate "2001.05.02"]
[EventType "swiss"]
[EventRounds "10"]
[EventCountry "EGY"]
[SourceTitle "CBM 082 Extra"]
[Source "ChessBase"]
[SourceDate "2001.07.03"]
[SourceVersion "1"]
[SourceVersionDate "2001.07.03"]
[SourceQuality "1"]

1. e4 e5 2. Nf3 Nc6 3. Bb5 a6 4. Ba4 Nf6 5. 0-0 Be7 6. Re1 b5 7. Bb3 0-0 8. h3 Bb7 9. c3 d5 10. d4 dxe4 11. Nxe5 Nxe5 12. dxe5 Nd7 13. e6 Nc5 14. exf7+ Kh8 15. Nd2 a5 16. Qh5 Ra6 17. Bc2 Re6 18. Nb3 Nxb3 19. Bxb3 Rg6 20. Qxb5 Bc6 21. Qf1 e3 22. f3 Bd6 23. Bxe3 Qh4 24. Rad1 Qxh3 25. Rxd6 cxd6 26. Bc2 Qg3 27. Bxg6 Qxg6 28. Bf4 Qxf7 29. Bxd6 Rg8 30. b3 h6 31. Be5 Rf8 32. Qf2 Qg6 33. Bg3 a4 34. c4 axb3 35. axb3 Ra8 36. Be5 Rf8 37. Re3 Rf5 38. f4 Rf7 39. Rg3 Qb1+ 40. Kh2 Kh7 41. Qd4 Rd7 42. Qxd7 Bxd7 43. Rxg7+ Kh8 44. Rxd7+ Kg8 45. Rg7+ Kf8 46. Rg3 Ke7 47. Rh3 h5 48. c5 Kd7 49. Rxh5 Kc6 50. b4 Qg6 51. Rh8 Kd5 52. Bd6 Kc4 53. Kh3 Kxb4 54. g4 Kc4 55. Rh5 Kd4 56. f5 Qf6 57. Rh7 Ke4 58. Kg3 Qc3+ 59. Kh4 Qd4 60. Kg5 Kf3 61. Rh3+ Kg2 62. Rg3+ Kh1 63. f6 Qd5+ 64. Kh6 Qg8 65. Rh3+ Kg2 66. Re3 Qxg4 67. f7 Qh4+ 68. Kg6 Qg4+ 69. Kf6 Qh4+ 70. Ke6 Qg4+ 71. Ke7 Qg5+ 72. Kd7 Qxe3 73. f8Q Qd3 74. Qg7+ Kh1 75. Qh6+ Kg2 76. Qg5+ Kf1 77. Qf4+ Ke2 78. Qg4+ Kf1 79. c6 Qb5 80. Qf3+ Kg1 81. Qe4 Qb3 1-0

[Event "Tanta op 4th"]
[Site "Tanta"]
[Date "2001.04.18"]
[Round "1"]
[White "Labib, Ibrahim Hasan"]
[Black "Abdel Aziem, Ramadan"]
[Result "0-1"]
[WhiteElo "2416"]
[BlackElo "2269"]
[PlyCount "54"]
[EventDate "2001.04.18"]
[EventType "swiss"]
[EventRounds "9"]
[EventCountry "EGY"]
[SourceTitle "CBM 082 Extra"]
[Source "ChessBase"]
[SourceDate "2001.07.03"]
[SourceVersion "1"]
[SourceVersionDate "2001.07.03"]
[SourceQuality "1"]

1. c4 Nf6 2. g3 g6 3. Bg2 Bg7 4. Nc3 0-0 5. e3 e5 6. Nge2 Nc6 7. 0-0 d6 8. d3 Be6 9. Nd5 Qd7 10. Nec3 Bh3 11. Nxf6+ Bxf6 12. Nd5 Bd8 13. b4 Bxg2 14. Kxg2 f5 15. f4 Ne7 16. Nc3 c6 17. Qb3 Rf7 18. Bb2 Bc7 19. fxe5 dxe5 20. d4 exd4 21. exd4 Raf8 22. Ne2 f4 23. gxf4 Bxf4 24. Nxf4 Rxf4 25. Rxf4 Rxf4 26. Re1 Qf5 27. Qe3 Qg5+ 0-1

[Event "Golden Cleopatra op 4th"]
[Site "Cairo"]
[Date "2000.07.18"]
[Round "7"]
[White "Abdel Aziem, Ramadan"]
[Black "Adly, Ahmed"]
[Result "1-0"]
[WhiteElo "2242"]
[BlackElo "2217"]
[PlyCount "59"]
[EventDate "2000.07.03"]
[EventType "swiss"]
[EventRounds "9"]
[EventCountry "EGY"]
[SourceTitle "CBM 077 Extra"]
[Source "ChessBase"]
[SourceDate "2000.09.14"]
[SourceVersion "1"]
[SourceVersionDate "2000.09.14"]
[SourceQuality "1"]

1. e4 c5 2. Nf3 d6 3. d4 cxd4 4. Nxd4 Nf6 5. Nc3 a6 6. Bg5 e6 7. f4 Bd7 8. Qf3 Nc6 9. 0-0-0 Nxd4 10. Rxd4 Bc6 11. Bc4 Be7 12. f5 e5 13. Rd3 b5 14. Bb3 b4 15. Bxf6 Bxf6 16. Nd5 0-0 17. Nxb4 Bb5 18. c4 a5 19. Nd5 a4 20. cxb5 axb3 21. a3 Bg5+ 22. Kb1 Qa5 23. Rxb3 Rab8 24. Qd3 Rfc8 25. f6 Bxf6 26. Nxf6+ gxf6 27. Qxd6 Rb6 28. Rg3+ Kh8 29. Qd7 Rf8 30. Qg4 1-0

[Event "Golden Cleopatra op 4th"]
[Site "Cairo"]
[Date "2000.07.15"]
[Round "5"]
[White "Abdel Aziem, Ramadan"]
[Black "Sarwat, Walaa"]
[Result "1-0"]
[WhiteElo "2230"]
[BlackElo "2407"]
[PlyCount "85"]
[EventDate "2000.07.03"]
[EventType "swiss"]
[EventRounds "9"]
[EventCountry "EGY"]
[SourceTitle "CBM 077 Extra"]
[Source "ChessBase"]
[SourceDate "2000.09.14"]
[SourceVersion "1"]
[SourceVersionDate "2000.09.14"]
[SourceQuality "1"]

1. e4 e5 2. Nf3 Nc6 3. Bb5 a6 4. Ba4 Nf6 5. 0-0 Be7 6. Re1 b5 7. Bb3 0-0 8. c3 d6 9. h3 Na5 10. Bc2 c5 11. d4 Qc7 12. Nbd2 cxd4 13. cxd4 Nc6 14. a3 a5 15. d5 Nb8 16. Nf1 a4 17. Bd3 Bd7 18. Ne3 Na6 19. Nf5 Bxf5 20. exf5 Qb7 21. Qe2 Rab8 22. Bg5 Nxd5 23. Be4 Bxg5 24. Nxg5 Nf4 25. Qg4 d5 26. g3 dxe4 27. gxf4 f6 28. Ne6 Rf7 29. fxe5 fxe5 30. Rxe4 Nc7 31. Rxe5 Ne8 32. Ng5 Nf6 33. Qe2 Rd7 34. Re1 Qc8 35. Rxb5 Rxb5 36. Qxb5 Rd5 37. Qxa4 Rxf5 38. Qb3+ Nd5 39. Ne4 Re5 40. Nf6+ gxf6 41. Rxe5 fxe5 42. Qxd5+ Kf8 43. Qxe5 1-0

[Event "Golden Cleopatra op 4th"]
[Site "Cairo"]
[Date "2000.07.14"]
[Round "4"]
[White "Elgabry, Mohsen"]
[Black "Abdel Aziem, Ramadan"]
[Result "1/2-1/2"]
[WhiteElo "2271"]
[BlackElo "2230"]
[PlyCount "120"]
[EventDate "2000.07.03"]
[EventType "swiss"]
[EventRounds "9"]
[EventCountry "EGY"]
[SourceTitle "CBM 077 Extra"]
[Source "ChessBase"]
[SourceDate "2000.09.14"]
[SourceVersion "1"]
[SourceVersionDate "2000.09.14"]
[SourceQuality "1"]

1. e4 e5 2. Nf3 Nc6 3. Bb5 a6 4. Bxc6 dxc6 5. 0-0 Bg4 6. h3 Bxf3 7. Qxf3 Nf6 8. d3 Be7 9. Nc3 0-0 10. Be3 c5 11. Kh1 Nd7 12. Qg3 Bd6 13. Qg4 Re8 14. Bg5 f6 15. Bd2 Nf8 16. Nd5 Ne6 17. Rad1 c6 18. Ne3 Qd7 19. Nf5 Rad8 20. Be3 Bf8 21. g3 g6 22. f4 Kh8 23. Nh4 exf4 24. gxf4 Ng7 25. f5 g5 26. Nf3 h6 27. Bd2 Qf7 28. Bc3 Bd6 29. Rg1 b5 30. b3 Bf4 31. Nh4 Be3 32. Ng6+ Kg8 33. Rge1 Bd4 34. Ba5 Rd7 35. c3 Be5 36. h4 b4 37. Nxe5 Rxe5 38. cxb4 Qh5 39. Qxh5 Nxh5 40. Re3 Nf4 41. a3 Kf7 42. Kg1 cxb4 43. axb4 Nd5 44. Rf3 Nf4 45. Re3 c5 46. bxc5 Rxc5 47. Be1 Rc2 48. d4 Rd8 49. hxg5 hxg5 50. Bg3 Ne2+ 51. Kf1 Nxd4 52. Red3 Rh8 53. Bf2 Rh1+ 54. Bg1 Nc6 55. Rd7+ Ne7 56. R7d2 Rc3 57. Rd3 Rc2 58. R3d2 Rc3 59. Rd3 Rc2 60. R3d2 Rc3 1/2-1/2

[Event "Tanta op 1st"]
[Site "Tanta"]
[Date "1997.??.??"]
[Round "1"]
[White "Abdel Aziem, Ramadan"]
[Black "El Taher, Fouad"]
[Result "0-1"]
[WhiteElo "2260"]
[BlackElo "2445"]
[PlyCount "102"]
[EventDate "1997.??.??"]
[EventType "swiss"]
[EventRounds "10"]
[EventCountry "EGY"]
[SourceTitle "EXT 1998"]
[Source "ChessBase"]
[SourceDate "1997.11.17"]
[SourceVersion "1"]
[SourceVersionDate "1997.11.17"]
[SourceQuality "1"]

1. e4 e5 2. Nf3 Nc6 3. Bb5 a6 4. Ba4 Nf6 5. 0-0 Be7 6. Re1 b5 7. Bb3 0-0 8. c3 d6 9. h3 Bb7 10. d4 Re8 11. Ng5 Rf8 12. Nf3 h6 13. Nbd2 Re8 14. Nf1 Bf8 15. Ng3 g6 16. a4 Bg7 17. axb5 axb5 18. Rxa8 Qxa8 19. dxe5 Nxe5 20. Nxe5 dxe5 21. Qf3 Qa6 22. Be3 Bf8 23. Qe2 c5 24. Qd2 c4 25. Bc2 Kh7 26. b3 Qa8 27. bxc4 bxc4 28. f3 Bc8 29. f4 exf4 30. Bxf4 Be6 31. Be3 Qb8 32. Qf2 Nd7 33. Rb1 Qc7 34. Ne2 Ne5 35. Nf4 Nd3 36. Nxd3 cxd3 37. Bxd3 Qxc3 38. Bb5 Rd8 39. Rc1 Qe5 40. Bc6 Bd6 41. Kf1 Ba3 42. Bf4 Qh5 43. Re1 Bb4 44. Ba4 Bxe1 45. Qxe1 Bxh3 46. gxh3 Qf3+ 47. Qf2 Qh1+ 48. Ke2 Qxe4+ 49. Be3 Kg8 50. Qf6 Rd5 51. Bc6 Qd3+ 0-1

[Event "Tanta op 1st"]
[Site "Tanta"]
[Date "1997.??.??"]
[Round "10"]
[White "Soderberg, Per"]
[Black "Abdel Aziem, Ramadan"]
[Result "1-0"]
[WhiteElo "2255"]
[BlackElo "2260"]
[PlyCount "69"]
[EventDate "1997.??.??"]
[EventType "swiss"]
[EventRounds "10"]
[EventCountry "EGY"]
[SourceTitle "EXT 1998"]
[Source "ChessBase"]
[SourceDate "1997.11.17"]
[SourceVersion "1"]
[SourceVersionDate "1997.11.17"]
[SourceQuality "1"]

1. e4 e5 2. Nf3 Nc6 3. c3 d6 4. d4 Bd7 5. Bc4 Be7 6. Qb3 Nf6 7. Bxf7+ Kf8 8. Bd5 Na5 9. Qc2 Nxd5 10. exd5 Bf6 11. dxe5 dxe5 12. Qe4 c6 13. Nxe5 cxd5 14. Nxd7+ Qxd7 15. Qb4+ Qe7+ 16. Qxe7+ Kxe7 17. 0-0 d4 18. cxd4 Bxd4 19. Nc3 Rac8 20. Bg5+ Kf7 21. Rfd1 Bxc3 22. bxc3 Rxc3 23. Rd7+ Kg6 24. Bd2 Rc5 25. Bb4 Rb5 26. Bc3 Rc8 27. Rxg7+ Kf5 28. Rxh7 Kg6 29. Rg7+ Kf5 30. g4+ Kf4 31. Bd2+ Kf3 32. a4 Rd5 33. Ra3+ Ke2 34. Bxa5 Rxa5 35. Rxb7 1-0

[Event "Cairo op"]
[Site "Cairo"]
[Date "1996.??.??"]
[Round "7"]
[White "Moh Abdel, Zaher"]
[Black "Abdel Aziem, Ramadan"]
[Result "1/2-1/2"]
[WhiteElo "2285"]
[BlackElo "2260"]
[PlyCount "101"]
[EventDate "1996.??.??"]
[EventType "swiss"]
[EventRounds "10"]
[EventCountry "EGY"]
[SourceTitle "EXT 1998"]
[Source "ChessBase"]
[SourceDate "1997.11.17"]
[SourceVersion "1"]
[SourceVersionDate "1997.11.17"]
[SourceQuality "1"]

1. d4 Nf6 2. c4 g6 3. Nf3 Bg7 4. g3 0-0 5. Bg2 d6 6. 0-0 Nc6 7. Nc3 Nd7 8. Bg5 h6 9. Be3 e5 10. Qd2 Kh7 11. h3 f5 12. dxe5 dxe5 13. Rad1 Rf7 14. Nd5 Nf8 15. Qc1 Qe8 16. b4 Ne6 17. b5 Ncd4 18. Rfe1 c6 19. Nc3 cxb5 20. Bxd4 Nxd4 21. Nxd4 exd4 22. Nxb5 f4 23. Nd6 Qe7 24. Nxf7 fxg3 25. fxg3 Qxf7 26. Rf1 Qe7 27. Qc2 Qg5 28. Kh2 Be5 29. Qb3 h5 30. Rd3 h4 31. c5 Bf5 32. Qxb7+ Kh6 33. Rxf5 Bxg3+ 34. Kg1 Qxf5 35. Rf3 Rb8 36. Rxf5 Rxb7 37. Rf1 Rb2 38. Bf3 Rc2 39. c6 a5 40. a4 Kg5 41. Rb1 Rc4 42. Be4 Rxa4 43. Rb5+ Kf6 44. Rc5 Bc7 45. Rd5 Ra1+ 46. Kg2 Re1 47. Bd3 Rc1 48. Rxd4 Rxc6 49. Rxh4 Rc5 50. Rc4 Rxc4 51. Bxc4 1/2-1/2